ბათუმის შოთა რუსთაველის სახელმწიფო უნივერსიტეტის ბიბლიოთეკა

მე-20 საუკუნის ავსტრიული ლირიკა = Österreichische Lyrik des 20. Jahrhunderts : (ბიბ.ჩანაწერი № 60655)

000 -ლიდერი
ფიქსირებული სიგრძის საკონტროლო ველი 01814nam a22002297a 4500
003 - საკონტროლო ნომრის იდენტიფიკატორი
საკონტროლო ველი Ge_BSU
005 - ბოლო ოპერაციის თარიღი და დრო
საკონტროლო ველი 20231003123001.0
008 - ფიქსირებული სიგრძის მონაცემთა ელემენტები - ზოგადი ინფორმაცია
ფიქსირებული სიგრძის საკონტროლო ველი 231003s2019 ge ||||| |||| 00| 0 geo d
020 ## - წიგნის საერთაშორისო სტანდარტული ნომერი
International Standard Book Number 9789941811388
041 ## - ენის კოდი
Language code of text/sound track or separate title geo
080 ## - უნივერსალური ათობითი კლასიფიკაციის ინდექსი
Universal Decimal Classification number 821.112.2(436)-1 მ-46
245 ## - ცნობა სათაურის შესახებ
Title მე-20 საუკუნის ავსტრიული ლირიკა = Österreichische Lyrik des 20. Jahrhunderts :
Remainder of title მასალები. ტ. 9, თეოდორ კრამერი, ერნსტ ვალდინგერი, ვილჰელმ საბო, მიხაელ გუტენბრუნერი /
Statement of responsibility, etc იდეის ავტორი, ხელმძღვანელი და გამომცემელი დათო ბარბაქაძე.
264 ## - წარმოების, გამოცემის, დისტრიბუციის და სხვა ცნობები
გამოცემის, წარმოების, დისტრიბუციის... ადგილი თბილისი :
გამოცემის, წარმოების, დისტრიბუციის... სახელწოდება თვითგამოცემა,
გამოცემის, წარმოების, დისტრიბუციის... თარიღი 2019.
300 ## - ფიზიკური აღწერა
Extent 332 გვ.;
Other physical details 21 სმ.
500 ## - ზოგადი შენიშვნა
General note გარეკანი და ტექსტი ქართ. და გერმ. ენებზე.
501 ## - შენიშვნა თანმხლებ მასალაზე
With note მრავალტომეულის გარეკანის გასაფორმებლად გამოყენებულია ფრაგმენტი ავსტრიელი მხატვრის, გუსტავ კლიმტის (1862-1918) ნამუშევრიდან.
653 ## - INDEX TERM--UNCONTROLLED
Uncontrolled term ავსტრიული პოეზია
700 ## - ADDED ENTRY--PERSONAL NAME
Personal name კრამერი, თეოდორ
Relator term ავტორი
9 (RLIN) 19982
700 ## - ADDED ENTRY--PERSONAL NAME
Personal name ვალდინგერი, ერნსტ და სხვ.
Relator term ავტორი
9 (RLIN) 19983
700 ## - ADDED ENTRY--PERSONAL NAME
Personal name ბარბაქაძე, დათო და სხვ.
Relator term ავტორი, გამომცემელი, მთარგმნელი.
9 (RLIN) 19984
942 ## - ADDED ENTRY ELEMENTS (KOHA)
Source of classification or shelving scheme
Koha item type წიგნი
ეგზემპლარები
ჩამოწერის სტატუსი დაკარგული ეგზემპლარის სტატუსი კლასიფიკაციის წყარო ან თაროზე გაწყობის სქემა მითითებული მასალები (აკინძული ტომები ან სხვა ნაწილი) დაზიანების სტატუსი არ გაიცემა მუდმივი მდებარეობა (დაცვის ადგილი) ამჟამინდელი ადგილსამყოფელი თაროზე განთავსების ადგილი შეძენის თარიღი ღირებულება, შესყიდვის ნორმალური ფასი სრული შენახვის შიფრი შტრიხკოდი ბოლო ოპერაციის თარიღი ეგზემპლარის მიმდევრობითი ნომერი (კეტერი?) Uniform Resource Identifier ფასის ძალაში შესვლის თარიღი ეგზემპლარის სახეობა საჯარო შენიშვნა
      ნაჩუქარი     ბათუმის შოთა რუსთაველის სახელმწიფო უნივერსიტეტის მთავარი ბიბლიოთეკა ბათუმის შოთა რუსთაველის სახელმწიფო უნივერსიტეტის მთავარი ბიბლიოთეკა წიგნსაცავი 2023-10-03 8.00 821.112.2(436)-1 მ-46 29762 2023-10-03 29762 ნაჩუქარი 2023-10-03 წიგნი 8 ლ.